00755cam a22002534a 450000100090000000300050000900500170001400800410003101000170007202000220008904000180011104200080012905000220013708200140015924501160017326000440028930000250033350400410035865000160039965000150041565000260043070000200045670000250047612338706Nust20180117090011.0010308s2001 dcu b 000 0 eng  a 2001017950 a0821348620 (pbk.) aDLCcDLCdDLC apcc00aHB501b.D423 200100a338.922100aDemocracy, market economics, and development :ban Asian perspective /cFarrukh Iqbal and Jong-Il You, editors. aWashington, D.C. :bWorld Bank,cc2001. axx, 180 p. ;c23 cm. aIncludes bibliographical references. 0aCapitalism. 0aDemocracy. 0aEconomic development.1 aIqbal, Farrukh.1 aYou, Jong-Il,d1958-